[Event "Mittelfranken-ch Seniors 50th"]
[Site "Buechenbach"]
[Date "2001.04.13"]
[Round "5"]
[White "Faulhaber, Rudolf"]
[Black "Wassner, Karl"]
[Result "1/2-1/2"]
[WhiteElo "1538"]
[BlackElo "1466"]
[PlyCount "22"]
[EventDate "2001.04.??"]
[EventType "swiss"]
[EventRounds "7"]
[EventCountry "GER"]
[SourceTitle "EXT 2006"]
[Source "ChessBase"]
[SourceDate "2005.11.24"]
[SourceVersion "1"]
[SourceVersionDate "2005.11.24"]
[SourceQuality "1"]

1. e4 e5 2. f4 d5 3. exd5 Qxd5 4. Nc3 Qe6 5. fxe5 Qxe5+ 6. Qe2 Qxe2+ 7. Bxe2 a6 8. Nf3 Nc6 9. 0-0 Bc5+ 10. Kh1 Nf6 11. h3 h6 1/2-1/2

[Event "Mittelfranken-ch Seniors 49th"]
[Site "Ansbach"]
[Date "2000.??.??"]
[Round "5"]
[White "Faulhaber, Rudolf"]
[Black "Mager, Adolf"]
[Result "1/2-1/2"]
[WhiteElo "1583"]
[BlackElo "1537"]
[PlyCount "30"]
[EventDate "2000.04.??"]
[EventType "swiss"]
[EventRounds "7"]
[EventCountry "GER"]
[SourceTitle "EXT 2006"]
[Source "ChessBase"]
[SourceDate "2005.11.24"]
[SourceVersion "1"]
[SourceVersionDate "2005.11.24"]
[SourceQuality "1"]

1. e4 c6 2. f4 d5 3. exd5 cxd5 4. Bb5+ Bd7 5. Bxd7+ Qxd7 6. d4 e6 7. Nf3 Nc6 8. 0-0 Nf6 9. Nc3 a6 10. a3 Be7 11. Qd3 Qc7 12. Bd2 0-0 13. Rae1 b5 14. b4 Rfe8 15. h3 Rad8 1/2-1/2

[Event "Mittelfranken-ch Seniors 49th"]
[Site "Ansbach"]
[Date "2000.??.??"]
[Round "6"]
[White "Riess, Werner"]
[Black "Faulhaber, Rudolf"]
[Result "1/2-1/2"]
[WhiteElo "1570"]
[BlackElo "1583"]
[PlyCount "84"]
[EventDate "2000.04.??"]
[EventType "swiss"]
[EventRounds "7"]
[EventCountry "GER"]
[SourceTitle "EXT 2006"]
[Source "ChessBase"]
[SourceDate "2005.11.24"]
[SourceVersion "1"]
[SourceVersionDate "2005.11.24"]
[SourceQuality "1"]

1. e4 e5 2. d4 exd4 3. Bc4 h6 4. Nf3 Nf6 5. 0-0 Bc5 6. e5 Ne4 7. Re1 Nxf2 8. Kxf2 d3+ 9. Be3 dxc2 10. Qxc2 Bxe3+ 11. Rxe3 Nc6 12. Nc3 0-0 13. Rd1 a6 14. a4 Nb4 15. Qb3 Qe7 16. Nd5 Nxd5 17. Rxd5 b6 18. Qd3 Rd8 19. Rd4 Bb7 20. Rf4 Rf8 21. Bd5 Bxd5 22. Qxd5 Rad8 23. h4 c6 24. Qd6 Qe6 25. g4 Qa2 26. Qd2 Qe6 27. Kg3 Rfe8 28. Rd4 d6 29. Red3 d5 30. g5 hxg5 31. hxg5 g6 32. Rf4 Kg7 33. Rh4 Rh8 34. Rdd4 Rh5 35. Rxh5 gxh5 36. Qf4 c5 37. Rd2 d4 38. Kh4 Kg6 39. Qf6+ Qxf6 40. gxf6 Kf5 41. Rg2 Kf4 42. Ng5 d3 1/2-1/2

[Event "Mittelfranken-ch Seniors"]
[Site "Roethenbach"]
[Date "1996.??.??"]
[Round "5"]
[White "Faulhaber, Rudolf"]
[Black "Markovsky, Hans"]
[Result "1/2-1/2"]
[WhiteElo "1605"]
[BlackElo "1840"]
[PlyCount "65"]
[EventDate "1996.??.??"]
[EventType "swiss"]
[EventRounds "7"]
[EventCountry "GER"]
[SourceTitle "EXT 2004"]
[Source "ChessBase"]
[SourceDate "2003.11.25"]
[SourceVersion "1"]
[SourceVersionDate "2003.11.25"]
[SourceQuality "1"]

1. d4 f5 2. f4 e6 3. Nf3 Nf6 4. e3 c5 5. Nc3 a6 6. a4 cxd4 7. exd4 d5 8. Ne5 g6 9. Be2 Bd6 10. h4 Ne4 11. Nxe4 dxe4 12. h5 Bxe5 13. dxe5 Qxd1+ 14. Bxd1 Kf7 15. hxg6+ Kxg6 16. Bh5+ Kg7 17. Ra3 Kf8 18. Rc3 Nc6 19. Be3 Ke7 20. Bc5+ Kd8 21. Bb6+ Ke7 22. Kf2 Bd7 23. Bc5+ Kd8 24. Rd1 Rc8 25. Bf7 Nb8 26. Bxe6 Ke8 27. Bxd7+ Nxd7 28. Bd4 Rxc3 29. Bxc3 Rg8 30. Rh1 Nc5 31. Rxh7 e3+ 32. Kf3 Ne4 33. Kxe3 1/2-1/2

[Event "Mittelfranken-ch Seniors"]
[Site "Roethenbach"]
[Date "1996.??.??"]
[Round "1"]
[White "Faulhaber, Rudolf"]
[Black "Reinhardt, Herbert Sr"]
[Result "1/2-1/2"]
[WhiteElo "1605"]
[BlackElo "1800"]
[PlyCount "39"]
[EventDate "1996.??.??"]
[EventType "swiss"]
[EventRounds "7"]
[EventCountry "GER"]
[SourceTitle "EXT 2004"]
[Source "ChessBase"]
[SourceDate "2003.11.25"]
[SourceVersion "1"]
[SourceVersionDate "2003.11.25"]
[SourceQuality "1"]

1. d4 Nf6 2. c4 e5 3. dxe5 Ng4 4. Qd4 d6 5. Nf3 Nc6 6. Qe4 dxe5 7. Bd2 Nf6 8. Qc2 Nd4 9. Nxd4 exd4 10. Bg5 Be7 11. g3 c6 12. Bg2 Qa5+ 13. Bd2 Qb6 14. 0-0 Be6 15. Bg5 h6 16. Bxf6 Bxf6 17. Nd2 0-0 18. c5 Qc7 19. Ne4 Be7 20. b4 1/2-1/2

[Event "Mittelfranken-ch Seniors"]
[Site "Bechhofen"]
[Date "1994.??.??"]
[Round "?"]
[White "Fischer, Max"]
[Black "Faulhaber, Rudolf"]
[Result "1/2-1/2"]
[WhiteElo "1640"]
[BlackElo "1650"]
[PlyCount "119"]
[EventDate "1994.??.??"]
[EventType "tourn"]
[EventRounds "7"]
[EventCountry "GER"]
[SourceTitle "EXT 2004"]
[Source "ChessBase"]
[SourceDate "2003.11.25"]
[SourceVersion "1"]
[SourceVersionDate "2003.11.25"]
[SourceQuality "1"]

1. d4 Nf6 2. c4 e6 3. Nf3 Be7 4. a3 0-0 5. Nc3 b6 6. e4 d6 7. Bd3 Bb7 8. 0-0 Nbd7 9. h3 e5 10. d5 a6 11. Ne2 Re8 12. Ng3 g6 13. Qd2 Bf8 14. Qc2 Bg7 15. b4 a5 16. Be3 c6 17. Rfd1 Rc8 18. Qd2 c5 19. bxa5 bxa5 20. Rab1 Ba6 21. Qc2 Qc7 22. Nd2 Rb8 23. Rxb8 Rxb8 24. Rb1 Rxb1+ 25. Nxb1 Nb6 26. Bd2 a4 27. Ba5 Nfd7 28. Qxa4 Nxa4 29. Bxc7 Bf8 30. Nd2 Nb2 31. Be2 Bh6 32. Nf3 Bxc4 33. Bxc4 Nxc4 34. a4 Bf8 35. a5 Na3 36. a6 Nb5 37. Ba5 Nb8 38. a7 Nxa7 39. Nd2 Nb5 40. Nc4 Nd7 41. Bd8 Kg7 42. Ne2 f6 43. g4 Kf7 44. Ba5 Bh6 45. Kg2 Ke7 46. Kg3 Nb8 47. f4 exf4+ 48. Nxf4 Na6 49. Ne6 Nb4 50. h4 Bf8 51. Bd8+ Kf7 52. Nxf8 Kxf8 53. Bxf6 Kf7 54. Bg5 Nd3 55. Kf3 Ne5+ 56. Nxe5+ dxe5 57. Bc1 Ke7 58. Bb2 Kd6 59. h5 gxh5 60. gxh5 1/2-1/2